| 000 | 00345nab a22001097u 4500 | ||
|---|---|---|---|
| 008 | 130520b1961 xxu||||| |||| 00| 0 spa d | ||
| 041 | _aspa | ||
| 100 | 1 |
_aLópez, Abilio _979912 |
|
| 245 | 0 | 0 |
_aLa idea cristocéntrica en Fray Luis de León _cAbilio López |
| 773 | 0 |
_tReligión y Cultura _gV.6,1961,págs. 564-582 _x0212-5838 _wRev345 |
|
| 942 | _cAR | ||
| 999 |
_c397717 _d397717 |
||